|
|
|
|
| LEADER |
01231nam a22003253a 4500 |
| 001 |
28796 |
| 003 |
BD-DhAAL |
| 005 |
20150108123359.0 |
| 008 |
150108t20082008nyu 000 f eng d |
| 020 |
|
|
|a 9781847441836
|
| 020 |
|
|
|a 9781847441843
|
| 035 |
|
|
|a (OCoLC)ocn796760224
|
| 040 |
|
|
|a BTCTA
|b eng
|c BTCTA
|d YDXCP
|d ACN
|d OCLCO
|d ZGH
|d DLC
|d BD-DhAAL
|
| 042 |
|
|
|a lccopycat
|
| 050 |
0 |
0 |
|a CPB Box no. 3712 vol. 1
|
| 082 |
0 |
0 |
|2 22
|a 823/.914
|
| 100 |
1 |
|
|a Meyer, Stephenie,
|d 1973-
|9 6864
|
| 245 |
1 |
4 |
|a The host :
|b a novel /
|c Stephenie Meyer.
|
| 260 |
|
|
|a Great Britain :
|b Sphere,
|c 2008, c2008.
|
| 300 |
|
|
|a 617 p. ;
|c 19 cm.
|
| 541 |
|
|
|e 28796
|
| 650 |
|
0 |
|a Spirit possession
|v Fiction.
|9 7217
|
| 650 |
|
0 |
|a Betrayal
|v Fiction.
|9 6082
|
| 650 |
|
0 |
|a Biological invasions
|v Fiction.
|9 7218
|
| 650 |
|
0 |
|a Triangles (Interpersonal relations)
|v Fiction.
|9 6096
|
| 655 |
|
7 |
|a Fantasy fiction.
|2 gsafd
|9 7219
|
| 655 |
|
7 |
|a Science fiction.
|2 gsafd
|9 6113
|
| 942 |
|
|
|2 ddc
|c BK
|
| 999 |
|
|
|c 33419
|d 33419
|
| 952 |
|
|
|0 0
|1 0
|2 ddc
|4 0
|6 823_914000000000000_MEY
|7 0
|9 44663
|a BRACUL
|b BRACUL
|c GEN
|d 2015-01-08
|e BRAC Institute of Language (BIL)
|l 9
|m 36
|o 823.914 MEY
|p 3010028796
|r 2025-10-29
|s 2025-10-22
|t 1
|w 2015-01-08
|y BK
|x Transferred from BIL to BRACUL on 06/06/22
|